Street car R.P.O. service in Philadelphia (Record no. 2496)

000 -LEADER
fixed length control field 00431nam a22000977a 4500
008 - FIXED-LENGTH DATA ELEMENTS--GENERAL INFORMATION
fixed length control field 171002b xxu||||| |||| 00| 0 eng d
100 ## - MAIN ENTRY--AUTHOR'S NAME
Author's Name Stets, Robert
245 ## - TITLE STATEMENT
Title Street car R.P.O. service in Philadelphia
260 ## - PUBLICATION, DISTRIBUTION, ETC. (IMPRINT)
Place of publication, distribution, etc. Omaha, Neb.
Name of publisher, distributor, etc. Mobile Post Office Society
Date of publication, distribution, etc. 1978
650 ## - TOPICAL TERM (Tag)
Topical term or geographic name United States -- Pennsylvania -- Philadelphia | Street Car Mail | Mobile Post Offices | Transportation of Mail | Postal History | Railway Mail | Postal Routes
Holdings
Withdrawn status Lost status Source of classification or shelving scheme Damaged status Koha normalized classification for sorting Not for loan Permanent Location Current Location Shelving location Date acquired Total Checkouts Full call number Barcode Date last seen Copy number Price effective from Koha item type
        G3824 P54 S841   Northern Philatelic Library Northern Philatelic Library General Stacks 10/02/2017   G3824 P54 S841 1002996 10/02/2017 1 10/02/2017 Books

Powered by Koha